| 000 | 00648cam a22002293a 4500 | ||
|---|---|---|---|
| 001 | 4730 | ||
| 003 | PGUSA | ||
| 005 | 20140828083106.0 | ||
| 008 | 031201s2003||||xxu|||||s|||||000 p eng d | ||
| 040 |
_aPGUSA _beng |
||
| 042 | _adc | ||
| 050 | 4 | _aPR | |
| 100 | 1 |
_aDennis, C. J. _q(Clarence James), _d1876-1938 |
|
| 245 | 1 | 4 |
_aThe Songs of a Sentimental Bloke _h[electronic resource] / _cC. J. Dennis |
| 260 |
_bProject Gutenberg, _c2003 |
||
| 506 | _aPublic domain in the USA. | ||
| 516 | _aElectronic text | ||
| 653 | _aAustralian poetry | ||
| 830 | 0 |
_aProject Gutenberg _v4730 |
|
| 856 | 4 | 0 | _uhttp://www.gutenberg.org/ebooks/4730 |
| 942 | _cEB | ||
| 999 |
_c234059 _d234059 |
||